Maths for map makers (Record no. 97142)

MARC details
000 -LEADER
fixed length control field 00589cam a2200205 4500
008 - FIXED-LENGTH DATA ELEMENTS--GENERAL INFORMATION
fixed length control field 090401t1997 xxu||||| |||| 00| 0 eng d
020 ## - INTERNATIONAL STANDARD BOOK NUMBER
International Standard Book Number 1870325915
035 ## - SYSTEM CONTROL NUMBER
System control number (Sirsi) u86559
041 0# - LANGUAGE CODE
Language code of text/sound track or separate title eng
050 04 - LIBRARY OF CONGRESS CALL NUMBER
Classification number 510 $2 18
100 1# - MAIN ENTRY--PERSONAL NAME
Personal name Allan, Arthur
245 00 - TITLE STATEMENT
Title Maths for map makers
260 ## - PUBLICATION, DISTRIBUTION, ETC.
Place of publication, distribution, etc. Latheronwheel
Name of publisher, distributor, etc. Whittles
Date of publication, distribution, etc. 1997
300 ## - PHYSICAL DESCRIPTION
Extent xiii, 305p.
Dimensions 24cm.
350 ## - PRICE (NR) (BK AM CF MU VM SE) [OBSOLETE]
Price 19.95
520 ## - SUMMARY, ETC.
Summary, etc. Superseeded by second edition (ISBN 1870325990).
690 ## - LOCAL SUBJECT ADDED ENTRY--TOPICAL TERM (OCLC, RLIN)
Topical term or geographic name as entry element ENVIRONMENTAL AND LAND CONSULTANCY-GEOMATICS-MAPPING AND POSITIONING-CARTOGRAPHY
942 ## - ADDED ENTRY ELEMENTS (KOHA)
Suppress in OPAC 0
948 ## - LOCAL PROCESSING INFORMATION (OCLC); SERIES PART DESIGNATOR (RLIN)
c (OCLC) 02/06/1998
Holdings
Withdrawn status Lost status Source of classification or shelving scheme Damaged status Not for loan Home library Current library Shelving location Date acquired Cost, normal purchase price Total Checkouts Full call number Barcode Date last seen Date last checked out Copy number Cost, replacement price Price effective from Koha item type
    Dewey Decimal Classification     London London Basement 07/08/1998 19.95 10 SHELF 205 30056218 06/08/2019 22/11/2005 1 19.95 06/08/2019 Book